000
00282nam a22001337a 4500
008
221011b ||||| |||| 00| 0 eng d
041
_a
eng
080
_a
575
082
_a
575
100
_a
13
101
_a
BIO
245
_a
KIDNEY AND URINARY TRACT
_c
BECKER E
942
_2
udc
_c
BK
999
_c
58489
_d
58489